| 000 | 00440cam a2200181ua 4500 | ||
|---|---|---|---|
| 020 | _cRs 7.50 | ||
| 041 |
_ahin _h |
||
| 082 |
_a891.54 _bMAT/NA |
||
| 100 | _aMathews, Brander . | ||
| 245 |
_aNatak sahitya ka adhyayan / _cBrander Mathews. _hTextual Documents |
||
| 250 |
_a1 / _b. |
||
| 260 |
_a : _bAtmaram and Sons , _c1964. |
||
| 300 | _a184 ; . | ||
| 365 | _aRs 7.50 | ||
| 504 | _a | ||
| 942 | _cBK | ||
| 999 |
_c3664 _d3664 |
||